Plus grandes villes commençant par la même lettre que leur pays - Statistiques

Statistiques générales
  • Ce quiz a été pris 288 fois
  • Le résultat moyen est 9 sur 16
Statistiques - réponses
Pays Population Ville % Correct
Mexique 24 700 000 Mexico
100%
Brésil 4 100 000 Brasilia
97%
Algérie 4 100 000 Alger
93%
Tunisie 2 775 000 Tunis
93%
Koweït 4 325 000 Koweït
77%
Guatemala 3 250 000 Guatemala
76%
Taïwan 9 200 000 Taipei
73%
Chine 65 100 000 Canton
60%
Brésil 5 100 000 Belo Horizonte
39%
Colombie 2 925 000 Cali
34%
Mexique 5 750 000 Monterrey
30%
Chine 15 200 000 Chengdu
27%
Iran 3 300 000 Ispahan
27%
Chine 10 100 000 Chongqing
24%
Chine 10 000 000 Changsha
8%
Chine 4 375 000 Changchun
5%
Aucun quiz correspondant
Distribution des résultats
% des personnes avec chaque résultat
Percentile par nombre de réponses
Votre historique - résultats
Vous n’avez pas pris ce quiz